A vuelo de buen cubero y otras crónicas /

Na minha lista:
Detalhes bibliográficos
Autor principal: Bryce Echenique, Alfredo (autor)
Formato: Livro
Idioma:espanhol
Publicado em: Barcelona, España : Anagrama, 1977, c1977
Colecção:(Contraseñas ; 5)
Assuntos:
Tags: Adicionar Tag
Sem tags, seja o primeiro a adicionar uma tag!

MARC

LEADER 00000nam^a2200000^a^4500
001 000184544
005 20250521000000.0
009 20260310102119.545
020 |a 84-339-1205-4 
037 |a Acervo ITESO - Biblioteca 
041 |a ESP 
082 |a 868.  |b BRY 
100 |a Bryce Echenique, Alfredo  |e (autor) 
245 1 0 |a A vuelo de buen cubero y otras crónicas /  |c A. Bryce Echenique. 
264 4 |a Barcelona, España :  |b Anagrama,  |c 1977, c1977 
300 |a 153 p. 
336 |a texto  |b txt  |2 rdacontenido 
337 |a sin mediación  |b n  |2 rdamedio 
338 |a volumen  |b nc  |2 rdasoporte 
440 1 |a (Contraseñas ;  |v 5) 
545 0 |a Nacido en Lima en 1939, el peruano Alfredo Bryce Echenique se considera a sí mismo hijo del famoso boom latinoamericano, que puso la literatura de Hispanoamérica en el centro de la escena mundial. Formado en Derecho en la Universidad Nacional Mayor de San Marcos, estudió más tarde letras en la Sorbona y en la Universidad de Vincennes. Es autor de una escritura sentimental y emotiva que, en consonancia con el "desorden" que priva en el mundo de los afectos, se caracteriza por párrafos fragmentados y un lenguaje libre totalmente alejado de las reglas y atravesado por una fina ironía. De hecho, como el propio Bryce Echenique reconoce, es una narrativa que bebe de la tradición oral y de la memoria y que estilísticamente debe mucho a Julio Cortázar. Algunos de sus títulos son Huerto cerrado (1968), Un mundo para Julius (1970), La felicidad ja ja (1974), Tantas veces Pedro (1977), La vida exagerada de Martín Romaña (1981), El hombre que hablaba de Octavia de Cádiz (1984), Una carta a Martín Romaña (1986), La última mudanza de Felipe Carrillo (1988), No me esperen en abril (1995), Reo de nocturnidad (1997), La amigdalitis de Tarzán (1999), Guía triste de París (1999), Crónicas perdidas (2002) y los volúmenes de memorias Permiso para vivir (1993) y Permiso para sentir (205), entre otros. Residente en Europa durante muchos años, ha recibido reconocimientos diversos como el Premio Nacional de Literatura del Perú (1972), el Premio Nacional de Narrativa de España (1998), el Premio Planeta (2002) y el Premio Grinzane Cavour (2002). Practica también el periodismo, campo en el que ha enfrentado diversas acusaciones de plagio. 
649 |a XX 
650 |a Crónicas Peruanas 
650 |a Ensayos Peruanos 
650 |a Literatura Peruana -  |y Siglo XX 
650 |a Literatura -  |x Historia y Crítica 
650 |a Cine -  |x Historia y Crítica 
650 |a Movimientos Estudiantiles -  |z París, Francia 
650 |a EUA -  |x Descripción 
650 |a Welles, Orson 
650 |a Fitzgerald, Francis Scott 
650 |a Cortázar, Julio 
650 |a Wolfe, Tom 
650 |a Hemingway, Ernest 
910 |a Fondo General 
920 |a Impresos - Libros 
930 |a Colección General 
940 |a Literatura 
905 |a 101 
901 |a 0500125491  |b IT1  |c LIT  |u 20250521 
902 |a https://opac.biblio.iteso.mx/vufind/Record/000184544